000 00722nam a2200289Ia 4500
005 20260324144159.0
008 008 260324s9999 xx 000 0 eng d
020 _a9781315001906
037 _aEBOOK
040 _aCRL
040 _beng
040 _cCRL
041 _2eng
041 _aeng
084 _qCRL
100 _aProffessor John Burnett; John Burnett
_91203447
245 0 _aPlenty and Want
245 2 _bA Social History of Food in England from 1815 to the Present Day
260 _bTaylor and Francis
260 _c1989
365 _a
365 _b230
856 _uhttp://www.taylorfrancis.com/books/9781315001906
942 _cEBOOK
999 _c1824668
_d1824668